00777 2200253 4500001002100000005001500021035002000036007000300056008004100059020002200100082001200122084001800134100001500152245017000167250001100337260003800348300003200386650002000418700002600438700001200464504002500476990001100501990001100512INLIS00000000000431320191024084134 a0010-1019000165ta191024 g 1 ind  a978-979-1093-38-5 a297.122 a297.122 ABU n0 aABU, Ammar1 aNegeri-negeri Penghafal Al-qur'an :bInspirasi dan Motivasi Semarak Takhfizh Al-qur'an dari 32 Negara di 4 Benua /cAbu, Ammar, Abu Fatiah Al-Adnani, editor, Al-Wafi acet. 2 aSolo :bAl-Wafi Publishing,c2018 a589 hlm :bilus. ;c24,5 cm 4aISLAM. ALQUR'AN0 aABU, Fatiah Al-Adnani0 aAL-WAFI aBibliografi: 594-598 a7062 a a7062 b